LIBRARY & INFORMATION CENTRE, KCAET, TAVANUR

ONLINE PUBLIC ACCESS CATALOGUE (OPAC)

Construction and foundation engineering / (Record no. 1996)

MARC details
000 -LEADER
fixed length control field 00426cam a2200169ua 4500
003 - CONTROL NUMBER IDENTIFIER
control field OSt
008 - FIXED-LENGTH DATA ELEMENTS--GENERAL INFORMATION
fixed length control field 250415b |||||||| |||| 00| 0 eng d
041 ## - LANGUAGE CODE
Language code of text/sound track or separate title eng
082 ## - DEWEY DECIMAL CLASSIFICATION NUMBER
Classification number 624.15
Item number JAN/CO
100 ## - MAIN ENTRY--AUTHOR NAME
Personal name Janardhan, Sha .
245 ## - TITLE STATEMENT
Title Construction and foundation engineering /
250 ## - EDITION STATEMENT
Edition statement 1 /
260 ## - PUBLICATION, DISTRIBUTION, ETC. (IMPRINT)
Place of publication Delhi :
Name of publisher Khanna publishers ,
Year of publication 1986.
300 ## - PHYSICAL DESCRIPTION
Number of Pages 993 ; .
700 1# - ADDED ENTRY--PERSONAL NAME
Personal name Sinha, S K .
942 ## - ADDED ENTRY ELEMENTS (KOHA)
Koha item type Books
Holdings
Withdrawn status Lost status Damaged status Home library Current library Date acquired Full call number Accession Number Koha item type
      KAUAET KAUAET 20/08/1986 624.15 JAN/CO 15423 Books
free website counter